| 000 | 01218nam a2200373 i 4500 | ||
|---|---|---|---|
| 001 | 10725 | ||
| 003 | KOSZ 005 | ||
| 005 | 20200508134326.0 | ||
| 008 | 080915s1959 pl a f f 000 0 pol | ||
| 015 | _aPB 1959/6389 | ||
| 040 |
_aWA N _cWA N _dKOSZ 005/RW _dKOSZ 005/HR |
||
| 046 | _k1959 | ||
| 080 | _a531 | ||
| 080 | _a(07) | ||
| 100 | 1 |
_aHaberzak, Alfred _d(1910-1978) _eAutor |
|
| 245 | 1 | 0 |
_aMechanika / _cAlfred Haberzak. |
| 260 |
_aWarszawa : _bPaństwowe Wydawnictwo Naukowe, _c1959. |
||
| 300 |
_a384 s. : _bil. ; _c24 cm. |
||
| 336 |
_2rdacontent _aTekst _btxt |
||
| 337 |
_2rdamedia _aBez urządzenia pośredniczącego _bn |
||
| 338 |
_2rdacarrier _aWolumin _bnc |
||
| 380 | _aKsiążki | ||
| 380 | _aPublikacje dydaktyczne | ||
| 388 | _a1901-2000 | ||
| 388 | _a1945-1989 | ||
| 504 | _aBibliogr. s. 383. | ||
| 521 | 8 | _aSkrypt dla studentów wydz. mechan. technologii drewna wyższ. szk. roln. | |
| 650 | 4 | _aMechanika | |
| 655 | 7 | _aPodręcznik | |
| 658 | _aFizyka i astronomia | ||
| 710 | 2 |
_aPaństwowe Wydawnictwo Naukowe _4pbl. |
|
| 856 |
_uhttp://koha.tu.koszalin.pl/cgi-bin/koha/opac-detail.pl?biblionumber=10725 _yKatalog online BPK |
||
| 942 |
_2UKD _cKS |
||
| 999 |
_c10725 _d10725 |
||